X Trilogy : Collector's Edition Box Set : MaXXXine /

Tercera parte de la trilogía de Maxine, en donde se retoma el destino de la protagonista de la primera parte. Años después de haber sobrevivido a los eventos violentos en la granja en Texas, Maxine vive en Los Angeles, a punto de protagonizar una película de terror que le dará finalmente el estado d...

Descripció completa

Guardat en:
Dades bibliogràfiques
Autor principal: West, Ti (realización)
Altres autors: West, Ti (guión) (guión), Rockett, Eliot (fotógrafo) (fotógrafo), Ceo, Mari-An (vestuario) (vestuario), West, Ti (montaje) (montaje), Bates, Tyler (música) (música), Goth, Mia (actuación) (actuación), Debicki, Elizabeth (actuación) (actuación), Sumney, Moses (actuación) (actuación), Kisvarday, Jason (comentarios) (comentarios), Ephraim, Kelsi (comentarios) (comentarios)
Format: Diapositiva
Idioma:anglès
Publicat: EUA : Little Lamb : Mad Solar Productions, 2023, c2023
Edició:Edición especial
Col·lecció:(A24 ; 27/3)
Matèries:
Etiquetes: Afegir etiqueta
Sense etiquetes, Sigues el primer a etiquetar aquest registre!

MARC

LEADER 00000ngm^a2200000^a^4500
001 000630095
005 20260410000000.0
009 20260410195516.933
020 |a 978-1-960078-41-4 
037 |a Acervo ITESO - Biblioteca 
041 |a ING 
082 |a 808. 8  |b ATW V. 27 T. 3 
100 |a West, Ti  |e (realización) 
240 1 1 |a [X Trilogy] 
240 1 1 |a [Maxine] 
245 1 0 |a X Trilogy :  |b Collector's Edition Box Set : MaXXXine /  |c Realización de T. West. 
246 2 |a Título en México: Pearl 
250 |a Edición especial 
264 4 |a EUA :  |b Little Lamb :  |b Mad Solar Productions,  |c 2023, c2023 
264 2 |a Nueva York, EUA :  |b A24 [distribución],  |c 2025, c2025 
300 |a 1 blu-ray región A (103, 45 min.) :  |b color +  |e 1 libro (60 p.) +1 estuche + 2 guardas 
336 |a imagen móvil bidimensional  |b tdi  |2 rdacontenido 
337 |a video  |b v  |2 rdamedio 
338 |a videodisco  |b vd  |2 rdasoporte 
440 1 |a (A24 ;  |v 27/3) 
520 |a Tercera parte de la trilogía de Maxine, en donde se retoma el destino de la protagonista de la primera parte. Años después de haber sobrevivido a los eventos violentos en la granja en Texas, Maxine vive en Los Angeles, a punto de protagonizar una película de terror que le dará finalmente el estado de estrella. Sin embargo, su futuro es cuestionado por una figura misteriosa que la amenaza de revelar su pasado en películas pornográficas y que está asesinando a todas las personas a su alrededor. 
546 |a En inglés, con subtítulos opcionales: español, inglés 
546 |a Audiodescripción en inglés, para ciegos y débiles visuales 
649 |a XX 
650 |a Cineastas Norteamericanos -  |x Entrevistas 
650 |a Actores en el Cine 
650 |a Asesinos en Serie en el Cine 
650 |a Mujeres en el Cine 
650 |a Sectas en el Cine 
650 |a Producción Cinematográfica -  |z EUA 
650 |a Making Of (Documentales detrás de Cámaras) 
650 |a Precuelas y Secuelas 
650 |a Películas de Suspenso y Terror 
650 |a Cine Independiente -  |z EUA 
650 |a Cine Norteamericano -  |y 2020-2029 
650 |a Cine Norteamericano -  |y Siglo XXI 
650 |a Cine Norteamericano -  |x Historia y Crítica 
650 |a Cine en el Cine 
650 |a Erotismo en el Cine 
650 |a Pornografía -  |z EUA -  |x Aspectos Sociales y Culturales 
650 |a Relaciones Padres-Hijos 
650 |a Relaciones Familiares 
650 |a Parricidio 
650 |a Asesinato 
650 |a Sexualidad 
650 |a Psicopatología y Delito 
650 |a Hollywood, EUA en el Cine 
650 |a Los Angeles, EUA en el Cine 
650 |a West, Ti 
700 |a West, Ti  |e (guión) 
700 |a Rockett, Eliot  |e (fotógrafo) 
700 |a Ceo, Mari-An  |e (vestuario) 
700 |a West, Ti  |e (montaje) 
700 |a Bates, Tyler  |e (música) 
700 |a Goth, Mia  |e (actuación) 
700 |a Debicki, Elizabeth  |e (actuación) 
700 |a Sumney, Moses  |e (actuación) 
700 |a Kisvarday, Jason  |e (comentarios) 
700 |a Ephraim, Kelsi  |e (comentarios) 
740 0 |a MaXXXine =  |b MaXXXine /  |c Realización de T. West. 
910 |a Fondo General 
920 |a Audiovisuales - Blu-rays 
940 |a Películas 
905 |a 309 
901 |a 630386-10  |b IT2  |c BRR  |i C193245  |u 20260410 
901 |a 630386-20  |b IT2  |c MIN  |i C193246  |u 20260410 
901 |a 630386-30  |b IT2  |c MIN  |i C  |u 20260410 
901 |a 630386-40  |b IT2  |c MIN  |i C  |u 20260410 
901 |a 630386-50  |b IT2  |c MIN  |i C  |u 20260410 
902 |a https://opac.biblio.iteso.mx/vufind/Record/000630095